000 00244nam a2200097Ia 4500
005 20251222114409.0
008 251222s1900||||xx |||||||||||||| ||spa||
082 _aDVD0070/R29/1999
245 0 _aRebelde sin causa:Rebel without a cause
942 _cDVD
999 _c1973
_d1973